Dorpen en Steden van Gelderland - Statistieken

Algemene statistieken
  • Deze quiz is 76 keer genomen
  • De gemiddelde score is 101 van 335
Antwoordstatistieken
Gemeente Kern % Correct
Apeldoorn Apeldoorn
82%
Arnhem Arnhem
82%
Ede Ede
76%
Nijmegen Nijmegen
76%
Zutphen Zutphen
74%
Nijkerk Nijkerk
71%
Wageningen Wageningen
71%
Doetinchem Doetinchem
68%
Epe Epe
68%
Tiel Tiel
68%
Winterswijk Winterswijk
68%
Zevenaar Zevenaar
65%
Aalten Aalten
62%
Renkum Renkum
62%
Oude IJsselstreek | Voorst Voorst
62%
Berg en Dal | Montferland Beek
59%
West Betuwe Geldermalsen
59%
Harderwijk Harderwijk
59%
Nunspeet Nunspeet
59%
Putten Putten
59%
Wijchen Wijchen
59%
Barneveld Barneveld
56%
Culemborg Culemborg
56%
Doesburg Doesburg
56%
Duiven Duiven
56%
Ermelo Ermelo
56%
Hattem Hattem
56%
Lochem Lochem
56%
Rheden Rheden
56%
Beuningen Beuningen
53%
Montferland Didam
53%
Elburg Elburg
53%
Nunspeet Elspeet
53%
Overbetuwe Elst
53%
Oldebroek Oldebroek
53%
Rozendaal Rozendaal
53%
Rheden Velp
53%
Brummen Brummen
50%
Buren Buren
50%
Bronckhorst Rha
50%
Epe Vaassen
50%
Westervoort Westervoort
50%
Rheden Dieren
47%
Heerde Heerde
47%
Neder-Betuwe Kesteren
47%
Apeldoorn | Voorst Klarenbeek *
47%
Nijmegen Lent
47%
Oost Gelre Lichtenvoorde
47%
Apeldoorn Ugchelen
47%
Apeldoorn Beekbergen
44%
Ede Bennekom
44%
Berg en Dal Berg en Dal
44%
Aalten Dinxperlo
44%
Oost Gelre Groenlo
44%
Berg en Dal Groesbeek
44%
Apeldoorn | Ede Hoenderloo *
44%
Apeldoorn Hoog Soeren
44%
Neder-Betuwe Opheusden
44%
Voorst Twello
44%
Bronckhorst Vorden
44%
Zaltbommel Zaltbommel
44%
Overbetuwe Zetten
44%
Lingewaard Bemmel
41%
Neder-Betuwe Dodewaard
41%
Druten Druten
41%
Brummen Eerbeek
41%
Buren Lienden
41%
Apeldoorn Loenen
41%
Renkum Oosterbeek
41%
Apeldoorn Uddel
41%
Oude IJsselstreek Varsseveld
41%
Doetinchem Wehl
41%
Oldebroek Wezep
41%
Buren Asch
38%
Bronckhorst Bronkhorst
38%
Beuningen Ewijk
38%
Maasdriel Kerkdriel
38%
Barneveld Kootwijk
38%
Ede Lunteren
38%
Berg en Dal Millingen aan de Rijn
38%
Overbetuwe Oosterhout
38%
Ede Otterlo
38%
Scherpenzeel Scherpenzeel
38%
Montferland 's-Heerenberg
38%
Voorst Wilp
38%
Renkum Wolfheze
38%
Bronckhorst Baak
35%
Zevenaar Babberich
35%
West Betuwe Beesd
35%
Ede Ederveen
35%
Berkelland Eibergen
35%
Epe Emst
35%
Ede Harskamp
35%
Bronckhorst Hengelo
35%
Heumen Heumen
35%
Barneveld Kootwijkerbroek
35%
Rheden Laag-Soeren
35%
Nijkerk Nijkerkerveen
35%
Epe Oene
35%
Berg en Dal Ooij
35%
Berkelland Ruurlo
35%
Oude IJsselstreek Terborg
35%
Elburg 't Harde
35%
Overbetuwe Andelst
32%
West Maas en Waal Beneden-Leeuwen
32%
Berkelland Borculo
32%
Aalten Bredevoort
32%
Rheden Ellecom
32%
Brummen Empe
32%
Barneveld Garderen
32%
Lingewaard Gendt
32%
Duiven Groessen
32%
Nijkerk Hoevelaken
32%
Lingewaard Huissen
32%
Zevenaar Lobith
32%
Heumen Malden
32%
Neder-Betuwe Ochten
32%
West Betuwe | Zevenaar Spijk
32%
Voorst Teuge
32%
Bronckhorst Toldijk
32%
Oude IJsselstreek Ulft
32%
Overbetuwe Valburg
32%
Barneveld Voorthuizen
32%
Heerde Wapenveld
32%
Zutphen Warnsveld
32%
Buren Zoelen
32%
Wijchen Bergharen
29%
West Maas en Waal Boven-Leeuwen
29%
Lingewaard Doornenburg
29%
Renkum Doorwerth
29%
Doetinchem Gaanderen
29%
Oude IJsselstreek Gendringen
29%
Oldebroek Hattemerbroek
29%
Overbetuwe Heteren
29%
Buren Kapel-Avezaath
29%
Tiel Kapel Avezaath
29%
Bronckhorst Keijenborg
29%
Buren Kerk-Avezaath
29%
Tiel Kerk Avezaath
29%
Lochem Laren
29%
Buren Maurik
29%
Winterswijk Meddo
29%
Zevenaar Pannerden
29%
Overbetuwe Slijk-Ewijk
29%
Bronckhorst Steenderen
29%
West Betuwe Tricht
29%
Heerde Veessen
29%
Nunspeet Vierhouten
29%
Ede Wekerom
29%
Apeldoorn Wenum-Wiesel
29%
Montferland Zeddam
29%
Lingewaard Angeren
26%
West Betuwe Asperen
26%
Montferland Braamt
26%
Aalten De Heurne
26%
West Betuwe Deil
26%
Ede De Klomp
26%
Rheden De Steeg
26%
Overbetuwe Driel
26%
Lochem Eefde
26%
Berg en Dal Erlecom
26%
Lochem Gorssel
26%
Harderwijk Hierden
26%
Bronckhorst Hummelo
26%
Lochem Joppe
26%
Berg en Dal Leuth
26%
Apeldoorn Lieren
26%
Oost Gelre Lievelde
26%
Berkelland Neede
26%
Voorst Nijbroek
26%
Heumen Overasselt
26%
Barneveld Stroe
26%
Berg en Dal Ubbergen
26%
Beuningen Weurt
26%
Bronckhorst Wichmond
26%
Beuningen Winssen
26%
Oost Gelre Zieuwent
26%
Barneveld Achterveld *
24%
West Betuwe Acquoy
24%
Druten Afferden
24%
Lochem Almen
24%
West Maas en Waal Alphen
24%
Berkelland Beltrum
24%
Buren Beusichem
24%
Zaltbommel Brakel
24%
Buren | West Betuwe Buurmalsen *
24%
Elburg Doornspijk
24%
West Maas en Waal Dreumel
24%
Brummen Hall
24%
Lochem Harfsen
24%
Berg en Dal Heilig Landstichting
24%
Overbetuwe Hemmen
24%
Druten Horssen
24%
Nunspeet Hulshorst
24%
Buren Ingen
24%
Berg en Dal Kekerdom
24%
Brummen Leuvenheim
24%
Duiven | Lingewaard Loo *
24%
West Maas en Waal Maasbommel
24%
Heumen Nederasselt
24%
Druten Puiflijk
24%
Oude IJsselstreek Silvolde
24%
Oude IJsselstreek Sinderen
24%
Voorst Terwolde
24%
Zevenaar Tolkamer
24%
Oost Gelre Vragender
24%
West Betuwe Vuren
24%
West Betuwe Waardenburg
24%
West Maas en Waal Appeltern
21%
Montferland Azewijn
21%
Wijchen Batenburg
21%
Apeldoorn Beemte-Broekland
21%
Bronckhorst Drempt
21%
Buren Eck en Wiel
21%
West Betuwe Enspijk
21%
Berkelland Geesteren
21%
Zevenaar Giesbeek
21%
Berkelland Haarlo
21%
Maasdriel Heerewaarden
21%
Overbetuwe Herveld
21%
West Betuwe Herwijnen
21%
Bronckhorst Hoog-Keppel
21%
Neder-Betuwe Ijzendoorn
21%
Montferland Kilder
21%
Bronckhorst Laag-Keppel
21%
Zevenaar Lathum
21%
Oldebroek Noordeinde
21%
Oldebroek Oosterwolde
21%
West Betuwe Ophemert
21%
Berg en Dal Persingen
21%
Apeldoorn Radio Kootwijk
21%
Berkelland Rietmolen
21%
Maasdriel Rossum
21%
Barneveld Terschuur
21%
Brummen Tonden
21%
Oude IJsselstreek Varsselder
21%
West Maas en Waal Wamel
21%
Zaltbommel Aalst
18%
Zevenaar Aerdt
18%
Lochem Barchem
18%
Zaltbommel Bruchem
18%
Winterswijk Corle
18%
Druten Deest
18%
Zaltbommel Gameren
18%
West Betuwe Haaften
18%
Bronckhorst Halle
18%
Oost Gelre Harreveld
18%
Maasdriel Hedel
18%
Zevenaar Herwen
18%
West Betuwe Heukelum
18%
Renkum Heveadorp
18%
West Betuwe Meteren
18%
Zaltbommel Nederhemert
18%
Zaltbommel Nieuwaal
18%
Wijchen Niftrik
18%
Buren Ommeren
18%
Berkelland Rekken
18%
West Betuwe Rhenoy
18%
Buren Rijswijk
18%
West Betuwe Rumpt
18%
Montferland Stokkum
18%
Oldebroek 't Loo
18%
Heerde Vorchten
18%
Tiel Wadenoijen
18%
Oude IJsselstreek Westendorp
18%
Barneveld Zwartebroek
18%
Maasdriel Ammerzoden
15%
Zevenaar Angerlo
15%
Wijchen Balgoij
15%
Ede Deelen
15%
Barneveld De Glind
15%
Lochem Epse
15%
Buren Erichem
15%
Berkelland Gelselaar
15%
West Betuwe Hellouw
15%
Wijchen Hernen
15%
Maasdriel Hoenzadriel
15%
Overbetuwe Homoet
15%
Maasdriel Hurwenen
15%
Zaltbommel Kerkwijk
15%
Montferland Lengel
15%
Montferland Loerbeek
15%
Oost Gelre Mariënvelde
15%
Oude IJsselstreek Megchelen
15%
Winterswijk Miste
15%
Oude IJsselstreek Netterden
15%
Bronckhorst Olburgen
15%
West Betuwe Opijnen
15%
Zaltbommel Poederoijen
15%
Overbetuwe Randwijk
15%
Rheden Spankeren
15%
West Betuwe Varik
15%
Maasdriel Velddriel
15%
Bronckhorst Vierakker
15%
Maasdriel Well
15%
Winterswijk Woold
15%
Buren Zoelmond
15%
Zaltbommel Zuilichem
15%
Maasdriel Alem
12%
West Maas en Waal Altforst
12%
Oude IJsselstreek Breedenbroek
12%
Zaltbommel Delwijnen
12%
Neder-Betuwe Echteld
12%
West Betuwe Est
12%
West Betuwe Gellicum
12%
Lingewaard Haalderen
12%
Renkum Heelsum
12%
West Betuwe Heesselt
12%
Winterswijk Henxel
12%
Winterswijk Kotten
12%
Lochem Kring van Dorth
12%
Wijchen Leur
12%
Buren Ravenswaaij
12%
Lingewaard Ressen
12%
West Betuwe Tuil
12%
Bronckhorst Zelhelm
12%
Tiel | West Betuwe Zennewijnen *
12%
Zaltbommel Bern
9%
Winterswijk Brinkheurne
9%
Oude IJsselstreek Etten
9%
Winterswijk Huppel
9%
West Betuwe Neerijnen
9%
Oude IJsselstreek Heelweg
6%
Winterswijk Ratum
6%
Voorst Steenenkamer
6%
Montferland Vethuizen
3%
Montferland Wijnbergen
3%
Geen overeenkomende quizzen gevonden
Scoreverdeling
Procent van Mensen met Elke Score
Percentiel versus Aantal Correcte Antwoorden
Uw Scoregeschiedenis
U heeft deze quiz nog niet genomen